000 00351nam a22001337a 4500
082 _a894.812
_bRAV/G
100 _aRAVINDRA VARMA,G
245 _aGANDHI CHILA ANUBHAVA KATHAKAL
246 _aGANDHI CHILA ANUBHAVA KATHAKAL
_bGANDHI CHILA ANUBHAVA KATHAKAL
260 _aCOCHIN
_bPOORNODHAYA
_c2004
300 _a184
650 _aMALAYALAM
942 _cBK
999 _c9067
_d9067